Calgary Flames Goalies - Statistics

General Stats
  • This quiz has been taken 8 times
  • The average score is 10 of 59
Answer Stats
Hint Answer % Correct
2021-2025 Dustin Wolf
86%
2017-2019 Mike Smith
86%
2021-2024 Dan Vladar
71%
2020-2024 Jacob Markstrom
71%
2019-2020 Cam Talbot
57%
2016-2021 David Rittich
57%
2014-2016 Jonas Hiller
57%
2013-2016 Karri Ramo
57%
1982-1994, 2000-2002 Mike Vernon
57%
2025 Devin Cooley
43%
2013-2016 Joni Ortio
43%
2003-2013 Miikka Kiprusoff
43%
2016-2017 Brian Elliott
29%
2011-2013 Leland Irving
29%
2020-2021 Artem Zagidulin
14%
2007-2008 Curtis Joseph
14%
2007-2010 Curtis Mcelhinney
14%
1986-1988 Doug Dadswell
14%
1999-2000 Grant Fuhr
14%
2010-2012 Henrik Karlsson
14%
2002-2007 Jamie McLennan
14%
2012-2014 Joey MacDonald
14%
2020-2021 Louis Domingue
14%
1980-1982 Pat Riggin
14%
2001-2004 Roman Turek
14%
1991-1992, 1993-1997 Trevor Kidd
14%
2009-2010 Vesa Toskala
14%
1992-1995, 1998-1999 Andrei Trefilov
0%
2005-2006 Brian Boucher
0%
2016-2017 Chad Johnson
0%
1980-1981 Dan Bouchard
0%
2012-2013 Daniel Taylor
0%
2003-2004 Dany Sabourin
0%
1982-1985 Don Edwards
0%
1996-1998 Dwayne Roloson
0%
2017-2018 Eddie Lack
0%
1998-2001 Fred Bathwaite
0%
1981-1982 Hardy Astrom
0%
1993-1995 Jason Muzzatti
0%
1998-2000 Jean Sebastien-Giguere
0%
1991-1994 Jeff Reese
0%
2016-2019 Jon Gillies
0%
2001-2002 Kay Whitmore
0%
1998-1999 Ken Wregget
0%
1982-1983, 1985-1986 Marc D'Amour
0%
2000-2001 Martin Brochu
0%
2007-2010 Matt Keetley
0%
2015-2016 Niklas Backstrom
0%
2005-2006 Phillipe Sauve
0%
1989-1990 Randy Jaycock
0%
1980-1987 Rejean Lemelin
0%
2013-2014 Reto Berra
0%
1994-1998 Rick Tabaracci
0%
1987-1992 Rick Wamsley
0%
1991-1992 Scott Sharples
0%
1989-1991 Steve Guenette
0%
1982-1983 Tim Bernhardt
0%
1997-1999 Tyler Moss
0%
1997-1999 Tyrone Garner
0%
No matching quizzes found
Score Distribution
Percent of People with Each Score
Percentile by Number Answered
Your Score History
You have not taken this quiz